Geometry Dash - Top 75 Demons as of 07/09/23 - Statistics

General Stats
  • This quiz has been taken 14 times
  • The average score is 20 of 75
Answer Stats
Hint# Answer % Correct
#1 Acheron
100%
#2 Avernus
100%
#64 Silent club
100%
#3 Silent clubstep
100%
#6 Abyss of Darkness
83%
#7 Sakupen Circles
83%
#4 Slaughterhouse
83%
#8 Firework
67%
#9 KOCMOC
67%
#5 Kyouki
67%
#11 LIMBO
67%
#10 MINUSdry
67%
#17 Oblivion
67%
#21 Sonic Wave Infinity
67%
#16 Edge of Destiny
50%
#18 Hard Machine
50%
#32 Kenos
50%
#20 Mayhem
50%
#12 poocubed
50%
#13 Saul Goodman
50%
#22 Tartarus
50%
#26 The Golden
50%
#14 The Hallucination
50%
#15 arcturus
33%
#68 Bloodlust
33%
#33 Keres
33%
#23 Solar Flare
33%
#25 Trueffet
33%
#19 UNKNOWN
33%
#28 Verdant Landscape
33%
#24 walter white
33%
#30 Zodiac
33%
#48 Cold Sweat
17%
#50 Cosmic Cyclone
17%
#72 Jesse Pinkman
17%
#63 Launchpad Labyrinth
17%
#43 Lotus Flower
17%
#36 NEUTRA
17%
#53 Rust
17%
#27 Sinister Silence
17%
#71 The Art of the Blade
17%
#40 Thinking Space
17%
#31 Aerial Gleam
0%
#56 Akashic Records
0%
#73 Asterios
0%
#54 ATOMIC CANNON Mk II
0%
#47 Calculator Core
0%
#49 Cognition
0%
#60 Congregation
0%
#45 Crimson Planet
0%
#37 Critical Heat
0%
#62 Descent into Exile
0%
#57 DIRECTIONS
0%
#61 Escape Room
0%
#34 Esfera
0%
#69 Fog
0%
#39 Fragile
0%
#67 Kappa
0%
#51 Lucid Nightmares
0%
#75 no jokes
0%
#65 Omega Interface
0%
#38 Promethean
0%
#41 qoUEO
0%
#59 Ragnarok
0%
#46 Renevant
0%
#58 RUTHLESS
0%
#44 SARY NEVER CLEAR
0%
#70 Sazerix
0%
#55 Shardscapes
0%
#29 Shukketsu
0%
#42 SUPERHATEMEWORLD
0%
#35 Terminal Rampancy
0%
#74 Terminux
0%
#66 The Rupture
0%
#52 Widestep
0%
No matching quizzes found
Score Distribution
Percent of People with Each Score
Percentile by Number Answered
Your Score History
You have not taken this quiz